000 00602nam a22001937a 4500
999 _c173293
_d173293
005 20200221125126.0
010 _aUR-10703
020 _c350.00
_a-
035 _aU-9258
037 _bDBAD/PUB
_a-
082 _a844.08
100 _aعا لم حسين ر ضو ی
245 _aو ا د ئ تحقيق
_cعا لم حسين ر ضو ی
246 _bWadiye Tehqeeq (Urdu)
_aby Aalam Hussain Rizvi
260 _aN.Delhi
_bM.R.Publications
_c2019 ء
270 _aB-3/330Shawala,
_bBanaras
_e-
_k09450543234
_l-
300 _a304 ص
_c22 Cm(Hb)
942 _2ddc
_cUR
_h844.08
_mر ض و